Ārya Cāṇakya. (Record no. 83556)

MARC details
000 -LEADER
fixed length control field 00563cam a22002291 4500
001 - CONTROL NUMBER
control field sa 68010798
003 - CONTROL NUMBER IDENTIFIER
control field DLC
005 - DATE AND TIME OF LATEST TRANSACTION
control field 20260227112555.0
008 - FIXED-LENGTH DATA ELEMENTS--GENERAL INFORMATION
fixed length control field 890725m19689999ii b 000 0 maro
010 ## - LIBRARY OF CONGRESS CONTROL NUMBER
LC control number sa 68010798
035 ## - SYSTEM CONTROL NUMBER
System control number (OCoLC)20068865
040 ## - CATALOGING SOURCE
Original cataloging agency DLC
Transcribing agency WaU
Modifying agency DLC
042 ## - AUTHENTICATION CODE
Authentication code premarc
050 00 - LIBRARY OF CONGRESS CALL NUMBER
Classification number JA98.K38
Item number H37
100 1# - MAIN ENTRY--PERSONAL NAME
Personal name Hardas, Balshastri,
Dates associated with a name 1918-1968.
245 10 - TITLE STATEMENT
Title Ārya Cāṇakya.
260 ## - PUBLICATION, DISTRIBUTION, ETC.
Date of publication, distribution, etc. [1968-
300 ## - PHYSICAL DESCRIPTION
Extent 1 v.
Dimensions 23 cm.
500 ## - GENERAL NOTE
General note In Marathi.
504 ## - BIBLIOGRAPHY, ETC. NOTE
Bibliography, etc. note Bibliography: v. 1: p. [348]-352.
600 00 - SUBJECT ADDED ENTRY--PERSONAL NAME
Personal name Kauṭalya.

No items available.

Powered by Koha